000 00687nam a2200193 a 4500
001 000928595
003 AM-YEHGA
005 20250617163832.0
008 121119s1961 mv r 000 0 rus d
040 _aAM-YeHGA
041 0 _arus
100 1 _aКрикливый, А.
245 1 0 _aРезервы увеличения производства говядины /
_cА. Крикливый.
260 _aКишинев :
_bИзд. Сельскохоз. лит. МСХ МССР,
_c1961.
300 _a40 с. :
_bрис., табл. ;
_c20 см.
650 1 4 _aКрупный рогатый скот
_xПроизводство мяса
650 1 4 _aГовядина
090 _c516994
999 _c513479
_d513479